| 000 | 00425cam a2200181ua 4500 | ||
|---|---|---|---|
| 020 | _c1.00 | ||
| 041 |
_ahin _h |
||
| 082 |
_a891.54 _bMYT/GU |
||
| 100 | _aMythilisharan, Gupta . | ||
| 245 |
_aGuru Tegbahadur / _cMythilisharan Gupta. _hTextual Documents |
||
| 250 |
_a3 / _b. |
||
| 260 |
_a : _bSahitya Sadan , _c1967. |
||
| 300 | _a27 ; . | ||
| 365 | _a1.00 | ||
| 504 | _a | ||
| 942 | _cBK | ||
| 999 |
_c7992 _d7992 |
||